[Event "IX Festival A"]
[Site "Trieste ITA"]
[Date "2007.09.03"]
[Round "4"]
[White "Elias, Leonardo"]
[Black "Tonel, Giulia"]
[Result "1-0"]
[WhiteElo "2122"]
[BlackElo "1934"]
[PlyCount "57"]
[EventDate "2007.09.01"]

1. e4 e5 2. f4 exf4 3. Nf3 d5 4. exd5 Nf6 5. Bb5+ c6 6. dxc6 Nxc6 7. Qe2+ Be7
8. d4 O-O 9. Bxc6 bxc6 10. O-O Nd5 11. Re1 Bd6 12. c4 Ba6 13. Qc2 Nc7 14. Qa4
Bb7 15. c5 Be7 16. Bxf4 Ne6 17. Be5 Bf6 18. Nc3 Bxe5 19. Rxe5 Qf6 20. Ne4 Qg6
21. Nd6 Nf4 22. g3 Qg4 23. Rf1 f6 24. Re4 Nh3+ 25. Kh1 Qd7 26. Qb3+ Kh8 27.
Qxb7 Qxb7 28. Nxb7 Rad8 29. Re7 1-0

[Event "IX Festival A"]
[Site "Trieste ITA"]
[Date "2007.09.03"]
[Round "4"]
[White "Heikkila, Antti"]
[Black "Miele, Roberto"]
[Result "1-0"]
[WhiteElo "2071"]
[BlackElo "1900"]
[PlyCount "99"]
[EventDate "2007.09.01"]

1. d4 Nf6 2. c4 g6 3. Nc3 Bg7 4. e4 d6 5. f3 O-O 6. Be3 e5 7. d5 Nbd7 8. Nh3
Nc5 9. Nf2 a5 10. Nd3 Nxd3+ 11. Bxd3 Nh5 12. Qd2 Re8 13. O-O-O a4 14. a3 Bf6
15. Bc2 Bd7 16. Rdg1 Qb8 17. Qd1 b5 18. cxb5 Bxb5 19. Bxa4 Bxa4 20. Nxa4 Qb5
21. Nc3 Qc4 22. Qf1 Qb3 23. Qb5 Reb8 24. Qxb3 Rxb3 25. Kc2 Rab8 26. Bc1 h6 27.
Na2 R3b6 28. Nb4 Nf4 29. g3 Ne2 30. Be3 Nd4+ 31. Bxd4 exd4 32. Kd3 Kf8 33. Rc1
R8b7 34. Rc4 Ke8 35. Rhc1 Kd7 36. Rc6 Rb5 37. Ra6 Bd8 38. Rc2 Bf6 39. Ra4 h5
40. Rc6 h4 41. Rca6 g5 42. f4 hxg3 43. hxg3 gxf4 44. gxf4 Bh4 45. R6a5 R5b6 46.
Ra8 Bg3 47. Nc6 Bh4 48. b4 Rb5 49. Rh8 R7b6 50. Rxh4 1-0

[Event "IX Festival A"]
[Site "Trieste ITA"]
[Date "2007.09.03"]
[Round "4"]
[White "Milazzo, Mario"]
[Black "Bevilacqua, Andrea"]
[Result "1/2-1/2"]
[WhiteElo "1971"]
[BlackElo "2102"]
[PlyCount "51"]
[EventDate "2007.09.01"]

1. e4 e5 2. Nf3 Nf6 3. Nc3 Nc6 4. d4 exd4 5. Nxd4 Bb4 6. Nxc6 bxc6 7. Bd3 d5 8.
exd5 cxd5 9. O-O O-O 10. Bg5 c6 11. Qf3 Be7 12. Rfe1 Be6 13. Ne2 h6 14. Bh4 Bg4
15. Qf4 Qd7 16. h3 Bd6 17. Qd2 Bxe2 18. Qxe2 Rae8 19. Qf3 Be5 20. c3 Ne4 21.
Rxe4 dxe4 22. Bxe4 Qd2 23. Bxc6 Qxb2 24. Rd1 Re6 25. Bd5 Ree8 26. Bc6 1/2-1/2

[Event "IX Festival A"]
[Site "Trieste ITA"]
[Date "2007.09.03"]
[Round "4"]
[White "Panican, Gheorghe"]
[Black "Tonon, Alessandro"]
[Result "1/2-1/2"]
[WhiteElo "2106"]
[BlackElo "2186"]
[PlyCount "78"]
[EventDate "2007.09.01"]

1. e4 c5 2. Nf3 e6 3. d4 cxd4 4. Nxd4 Nc6 5. Nb5 d6 6. Bf4 e5 7. Be3 Nf6 8. Bg5
Be7 9. Bxf6 gxf6 10. Bc4 O-O 11. g4 Be6 12. Bd5 Qb6 13. a4 a6 14. N5c3 Qxb2 15.
Ra3 Nd4 16. Ra2 Qb4 17. O-O Rfc8 18. Ra3 Qb2 19. Ra2 Qb4 20. Ra3 Qb2 21. Ra2
Qb6 22. a5 Qc7 23. Kh1 Nb5 24. Ne2 Bxd5 25. Qxd5 Qc6 26. Nd2 Qxd5 27. exd5 Nc3
28. Nxc3 Rxc3 29. Rb1 Rac8 30. Rxb7 Rxc2 31. Rxc2 Rxc2 32. Ne4 Re2 33. Ng3 Re1+
34. Kg2 Bf8 35. Nh5 Ra1 36. Rb8 Rxa5 37. Nxf6+ Kg7 38. Nh5+ Kg8 39. Nf6+ Kg7
1/2-1/2

[Event "IX Festival A"]
[Site "Trieste ITA"]
[Date "2007.09.03"]
[Round "4"]
[White "Pavasovic, Dusko"]
[Black "Hendriks, Willy"]
[Result "0-1"]
[WhiteElo "2584"]
[BlackElo "2420"]
[PlyCount "120"]
[EventDate "2007.09.01"]

1. e4 c5 2. Nf3 g6 3. d4 cxd4 4. Qxd4 Nf6 5. e5 Nc6 6. Qa4 Nd5 7. Qb3 Nc7 8.
Bf4 Ne6 9. Bg3 Bg7 10. Nc3 a6 11. O-O-O b5 12. Nd5 Bb7 13. Qe3 Qa5 14. Kb1 Nb4
15. Nxb4 Qxb4 16. Bd3 O-O 17. Rhe1 Rac8 18. Be4 d5 19. Bxd5 Bxd5 20. Rxd5 Rxc2
21. Kxc2 Qc4+ 22. Kb1 Qxd5 23. Bh4 Qd7 24. Qd2 Qxd2 25. Nxd2 g5 26. Bg3 Rd8 27.
Nb3 Rd5 28. h4 h6 29. Na5 Nd4 30. hxg5 hxg5 31. Rd1 e6 32. Bh2 Kh7 33. b4 Kg6
34. f3 Ne2 35. Rxd5 Nc3+ 36. Kc2 Nxd5 37. Nc6 Ne3+ 38. Kd3 Nxg2 39. Bg3 Nh4 40.
Ke4 Nf5 41. Be1 f6 42. Nd8 fxe5 43. Nxe6 Nd6+ 44. Kd5 Nc4 45. Ke4 Nd6+ 46. Kd5
Nc4 47. Nxg7 Kxg7 48. Kc6 Kf6 49. Kb7 e4 50. fxe4 Ke5 51. Kxa6 Na3 52. Kb6 Kxe4
53. Bg3 Kd5 54. Bf2 g4 55. Bg3 Kc4 56. Bd6 Nc2 57. Ka5 Nd4 58. a4 Nb3+ 59. Ka6
bxa4 60. b5 Nc5+ 0-1

[Event "IX Festival A"]
[Site "Trieste ITA"]
[Date "2007.09.03"]
[Round "4"]
[White "Plani, Andrea"]
[Black "Aroven, Mikael"]
[Result "1-0"]
[WhiteElo "1906"]
[BlackElo "2169"]
[PlyCount "51"]
[EventDate "2007.09.01"]

1. Nc3 c5 2. Nf3 Nc6 3. d4 cxd4 4. Nxd4 g6 5. e4 Bg7 6. Nxc6 bxc6 7. Bc4 Qa5 8.
Bd2 Qc5 9. Qe2 d6 10. Na4 Qh5 11. Qxh5 gxh5 12. Bc3 Bxc3+ 13. Nxc3 Rb8 14. b3
e5 15. f4 f5 16. fxe5 dxe5 17. O-O-O Ke7 18. exf5 Nf6 19. Rhe1 e4 20. Nxe4 Nxe4
21. Rxe4+ Kf6 22. Be6 Ba6 23. Rd7 Bf1 24. Rf7+ Kg5 25. h4+ Kh6 26. Bd7 1-0

[Event "IX Festival A"]
[Site "Trieste ITA"]
[Date "2007.09.03"]
[Round "4"]
[White "Tratar, Marko"]
[Black "Tocchioni, Doriano"]
[Result "1-0"]
[WhiteElo "2491"]
[BlackElo "2261"]
[PlyCount "69"]
[EventDate "2007.09.01"]

1. Nf3 Nf6 2. c4 b6 3. g3 Bb7 4. Bg2 g5 5. d4 h6 6. O-O Bg7 7. d5 c5 8. Nc3 d6
9. e4 Nbd7 10. Qe2 Nh7 11. Bd2 Nhf8 12. Ne1 Ng6 13. Kh1 Ba6 14. f4 gxf4 15.
gxf4 Qc7 16. e5 O-O-O 17. e6 fxe6 18. dxe6 Nf6 19. Bd5 Nxd5 20. Nxd5 Qb7 21.
Qe4 Bxb2 22. Rb1 Bd4 23. Rc1 Nh4 24. f5 Rdg8 25. Nd3 h5 26. N3b4 Rg4 27. Nxe7+
Kd8 28. Nbc6+ Kc7 29. Bf4 Rd8 30. h3 Rg7 31. Nd5+ Kxc6 32. f6 Bxf6 33. Nxf6+
Kc7 34. Nd5+ Kb8 35. e7 1-0

[Event "IX Festival A"]
[Site "Trieste ITA"]
[Date "2007.09.04"]
[Round "5"]
[White "Aroven, Mikael"]
[Black "Heikkila, Antti"]
[Result "1/2-1/2"]
[WhiteElo "2169"]
[BlackElo "2071"]
[PlyCount "80"]
[EventDate "2007.09.01"]

1. c4 g6 2. Nf3 Bg7 3. d4 f5 4. Nc3 Nf6 5. g3 O-O 6. Bg2 d6 7. O-O Qe8 8. b3 e5
9. dxe5 dxe5 10. Bb2 Rf7 11. Qc2 Nc6 12. Nd5 Rd7 13. Rfd1 a5 14. a3 h6 15. Bc3
Ne4 16. Bb2 Nd6 17. b4 Nf7 18. b5 Ne7 19. Nh4 Nxd5 20. Bxd5 Kh7 21. a4 Nd8 22.
c5 c6 23. Ba2 Rxd1+ 24. Rxd1 Be6 25. Bxe6 Nxe6 26. b6 Rd8 27. Rxd8 Nxd8 28. Qd2
Nf7 29. Nf3 Qe6 30. h4 e4 31. Ne1 e3 32. Qc2 exf2+ 33. Kxf2 Bxb2 34. Qxb2 Ne5
35. Nd3 Ng4+ 36. Kf1 Qe3 37. Qb3 Nh2+ 38. Kg2 Qxe2+ 39. Nf2 Ng4 40. Qf7+ Kh8
1/2-1/2

[Event "IX Festival A"]
[Site "Trieste ITA"]
[Date "2007.09.04"]
[Round "5"]
[White "Bevilacqua, Andrea"]
[Black "Pasquotto, Mirko"]
[Result "1-0"]
[WhiteElo "2102"]
[BlackElo "1960"]
[PlyCount "37"]
[EventDate "2007.09.01"]

1. d4 Nf6 2. Nc3 d5 3. Nf3 e6 4. Bg5 Be7 5. e3 O-O 6. Ne5 Nbd7 7. f4 h6 8. h4
c5 9. g4 hxg5 10. hxg5 Ne4 11. Qf3 Nxe5 12. dxe5 Nxg5 13. fxg5 Bxg5 14. O-O-O
Qa5 15. Qh3 f6 16. exf6 Bxf6 17. Qh5 Bxc3 18. Bd3 Bf6 19. Bh7+ 1-0

[Event "IX Festival A"]
[Site "Trieste ITA"]
[Date "2007.09.04"]
[Round "5"]
[White "Brunello, Sabino"]
[Black "Bagaturov, Giorgi"]
[Result "1/2-1/2"]
[WhiteElo "2475"]
[BlackElo "2474"]
[PlyCount "111"]
[EventDate "2007.09.01"]

1. e4 c5 2. Nf3 d6 3. d4 cxd4 4. Nxd4 Nf6 5. Nc3 Nc6 6. Be2 e5 7. Nf3 h6 8. O-O
Be7 9. h3 O-O 10. Re1 Be6 11. Bf1 Qd7 12. b3 Bd8 13. Na4 Ba5 14. Bd2 Bxd2 15.
Qxd2 Rad8 16. Rad1 Nh5 17. Qe3 Qc8 18. c4 b6 19. Rd2 Rd7 20. Red1 Rfd8 21. g3
Ne7 22. Ne1 f5 23. Qf3 Nf6 24. Nc3 fxe4 25. Nxe4 Nxe4 26. Qxe4 Qc7 27. Nc2 Bf5
28. Qg2 Qc6 29. Nb4 Qc5 30. Nd5 Nxd5 31. Rxd5 Qc6 32. Bd3 Bxd3 33. R1xd3 Rf8
34. Qe4 Rf6 35. a4 Rdf7 36. f3 a5 37. Kg2 Rf8 38. Qe2 R8f7 39. Re3 Rf8 40. Re4
Rxf3 41. Qxf3 Rxf3 42. Kxf3 Qc8 43. g4 h5 44. Ke2 hxg4 45. Rxg4 Qf5 46. Rxd6
Qc2+ 47. Rd2 Qxb3 48. Rd7 Qc2+ 49. Ke3 g6 50. Rd6 Kf7 51. Rgxg6 Qxc4 52. Rdf6+
Ke7 53. Rxb6 Qd4+ 54. Ke2 Qe4+ 55. Kf2 Qf4+ 56. Kg2 1/2-1/2

[Event "IX Festival A"]
[Site "Trieste ITA"]
[Date "2007.09.04"]
[Round "5"]
[White "Capaliku, Aleks"]
[Black "Barletta, Mauro"]
[Result "1/2-1/2"]
[WhiteElo "2112"]
[BlackElo "2257"]
[PlyCount "132"]
[EventDate "2007.09.01"]

1. f4 e5 2. fxe5 d6 3. exd6 Bxd6 4. Nf3 Nf6 5. g3 h5 6. d3 h4 7. Bg5 hxg3 8. h4
g2 9. Bxg2 Bg3+ 10. Kf1 Ng4 11. Qd2 Qd6 12. Nc3 Qb6 13. d4 Be6 14. b3 Nf2 15.
Rg1 Qd6 16. e4 f6 17. Be3 Ng4 18. d5 Qa6+ 19. Ne2 Bd7 20. Rh1 f5 21. exf5 Bxf5
22. c4 Bxh4 23. Bg5 Qb6 24. Qd4 Qxd4 25. Nexd4 Bd3+ 26. Ne2 Nd7 27. Rxh4 Rxh4
28. Bxh4 Nc5 29. Bh3 Ne3+ 30. Kf2 Nc2 31. Rc1 Ne4+ 32. Kg1 Bxe2 33. Rxc2 Bxf3
34. Bf5 Kf7 35. Be6+ Kg6 36. Rh2 Rh8 37. Be1 Rxh2 38. Kxh2 Ng5 39. Bc8 Bxd5 40.
cxd5 Nf3+ 41. Kg3 Nxe1 42. Bxb7 Kf5 43. Kf2 Nd3+ 44. Ke3 Nc5 45. Bc8+ Ke5 46.
Kd2 Kxd5 47. Kc3 g5 48. Kb4 Nd3+ 49. Ka4 Ne5 50. Ka5 g4 51. Ka6 g3 52. Bh3 Nc6
53. a3 Kc5 54. Bg2 Nd4 55. b4+ Kc4 56. Kxa7 Kb5 57. Kb7 c6 58. Bf1+ Ka4 59. Kb6
Kxa3 60. Kc5 Ne2 61. Kxc6 Kxb4 62. Kd5 Kc3 63. Ke4 Kd2 64. Kf3 Ke1 65. Bxe2 g2
66. Kxg2 Kxe2 1/2-1/2

[Event "IX Festival A"]
[Site "Trieste ITA"]
[Date "2007.09.04"]
[Round "5"]
[White "Mazi, Leon"]
[Black "Marzano, Carlo"]
[Result "1-0"]
[WhiteElo "2352"]
[BlackElo "2230"]
[PlyCount "43"]
[EventDate "2007.09.01"]

1. e4 Nc6 2. d4 e5 3. dxe5 Nxe5 4. f4 Ng6 5. Nf3 Bc5 6. Nc3 Qe7 7. f5 Nh4 8.
Nxh4 Qxh4+ 9. g3 Qe7 10. Qe2 d6 11. Nd5 Qd8 12. Bf4 c6 13. Nc3 Nf6 14. O-O-O
Qe7 15. Qd2 Bd7 16. Bg2 O-O-O 17. Na4 d5 18. Qa5 Bd6 19. Bxd6 Qxd6 20. Qxa7 Qb4
21. a3 Qb5 22. Bf1 1-0

[Event "IX Festival A"]
[Site "Trieste ITA"]
[Date "2007.09.04"]
[Round "5"]
[White "Miele, Roberto"]
[Black "Tonel, Giulia"]
[Result "1-0"]
[WhiteElo "1900"]
[BlackElo "1934"]
[PlyCount "57"]
[EventDate "2007.09.01"]

1. e4 e5 2. Nf3 Nc6 3. d4 exd4 4. Bc4 Nf6 5. O-O Be7 6. Re1 d5 7. exd5 Nxd5 8.
Nxd4 Nxd4 9. Qxd4 Be6 10. Qxg7 Bf6 11. Qh6 c6 12. Nc3 Be7 13. Nxd5 cxd5 14.
Bb5+ Bd7 15. Bg5 Bxb5 16. Rxe7+ Qxe7 17. Bxe7 Kxe7 18. Re1+ Kd7 19. Qf6 Rhe8
20. Qxf7+ Kd6 21. Rd1 Bc6 22. h3 Re7 23. Qf4+ Kc5 24. Rd3 Re4 25. Qc7 Rae8 26.
Qa5+ Kd6 27. Qxa7 Ra4 28. Qb6 Ra6 29. Qb3 1-0

[Event "IX Festival A"]
[Site "Trieste ITA"]
[Date "2007.09.04"]
[Round "5"]
[White "Panican, Gheorghe"]
[Black "Elias, Leonardo"]
[Result "0-1"]
[WhiteElo "2106"]
[BlackElo "2122"]
[PlyCount "86"]
[EventDate "2007.09.01"]

1. e4 c5 2. Nf3 e6 3. d4 cxd4 4. Nxd4 Nc6 5. Nb5 d6 6. c4 a6 7. N5c3 Nf6 8. Be2
b6 9. O-O Bb7 10. b3 Be7 11. f4 Qc7 12. Be3 Nb8 13. Bf3 Nbd7 14. Qc2 Rc8 15.
Qe2 O-O 16. Rc1 Qb8 17. Nd2 Rfe8 18. Kh1 Qa8 19. Bd4 e5 20. fxe5 dxe5 21. Bf2
Bc5 22. Nd5 Bxd5 23. cxd5 Bxf2 24. Qxf2 Rxc1+ 25. Rxc1 Rc8 26. Qf1 b5 27. h3
Qb7 28. b4 Nb6 29. Nb3 Nc4 30. Nc5 Qb6 31. Be2 Nd6 32. Kh2 Qc7 33. Rc3 Qe7 34.
Qf3 h6 35. Ra3 Nd7 36. Nxd7 Qxd7 37. Rxa6 Rc1 38. Qa3 Qc7 39. Bf3 Re1 40. Rc6
Qe7 41. Qc3 Rf1 42. Qd3 Ra1 43. Rc2 Qa7 0-1

[Event "IX Festival A"]
[Site "Trieste ITA"]
[Date "2007.09.04"]
[Round "5"]
[White "Ramesa, Davor"]
[Black "Plani, Andrea"]
[Result "1-0"]
[WhiteElo "2310"]
[BlackElo "1906"]
[PlyCount "85"]
[EventDate "2007.09.01"]

1. Nf3 Nf6 2. c4 Nc6 3. d4 d5 4. cxd5 Qxd5 5. Nc3 Qa5 6. e3 Bg4 7. Be2 e5 8.
dxe5 Nxe5 9. Nxe5 Bxe2 10. Qb3 Qxe5 11. Qxb7 Rd8 12. Kxe2 Bc5 13. Qc6+ Nd7 14.
Qe4 O-O 15. Qxe5 Nxe5 16. Na4 Be7 17. Bd2 Bf6 18. Bc3 h5 19. Rac1 Nd3 20. Rc2
Ne5 21. h3 Rfe8 22. Nc5 Rd5 23. Nb3 Bd8 24. Rd2 Rxd2+ 25. Nxd2 g5 26. Rc1 f5
27. Bd4 a6 28. Rc4 Ng6 29. Rc6 Nf4+ 30. Kf1 Ne6 31. Rxa6 Nxd4 32. exd4 g4 33.
Ra8 Kf7 34. Nb3 f4 35. a4 g3 36. Nd2 Ke7 37. Ne4 h4 38. f3 Kd7 39. Nc5+ Kc6 40.
a5 Rh8 41. a6 Kb6 42. a7 c6 43. Ne6 1-0

[Event "IX Festival A"]
[Site "Trieste ITA"]
[Date "2007.09.04"]
[Round "5"]
[White "Tocchioni, Doriano"]
[Black "Hilmer, Frank"]
[Result "1/2-1/2"]
[WhiteElo "2261"]
[BlackElo "2221"]
[PlyCount "100"]
[EventDate "2007.09.01"]

1. d4 Nf6 2. Nf3 e6 3. Bg5 h6 4. Bxf6 Qxf6 5. e4 g6 6. Nbd2 Bg7 7. Bd3 d6 8. e5
Qe7 9. Qe2 Nc6 10. c3 Bd7 11. Nc4 O-O 12. h4 b5 13. Ncd2 b4 14. h5 bxc3 15.
bxc3 g5 16. Qe4 f5 17. exf6 Bxf6 18. Rb1 Rab8 19. Rb3 d5 20. Qg6+ Qg7 21. Kd1
Qxg6 22. Bxg6 e5 23. dxe5 Bxe5 24. Rxb8 Rxb8 25. Nxe5 Nxe5 26. Re1 Nxg6 27.
hxg6 Re8 28. Nb3 Rxe1+ 29. Kxe1 Kg7 30. Nc5 Bc8 31. Kd2 Kxg6 32. Ke3 h5 33. Kd4
h4 34. Kxd5 g4 35. Ke4 Kg5 36. f4+ Kf6 37. Ke3 Kf5 38. Nb3 Bb7 39. Nd4+ Kf6 40.
Kf2 a6 41. g3 h3 42. Kg1 Bd5 43. a3 c5 44. Nc2 Bf3 45. Ne3 Ke6 46. Kh2 Kd6 47.
Kg1 Kc6 48. Kh2 Kd6 49. Kg1 Ke6 50. c4 Kf6 1/2-1/2

[Event "IX Festival A"]
[Site "Trieste ITA"]
[Date "2007.09.04"]
[Round "5"]
[White "Tonon, Alessandro"]
[Black "Bussa, Paolo"]
[Result "1-0"]
[WhiteElo "2186"]
[BlackElo "1891"]
[PlyCount "49"]
[EventDate "2007.09.01"]

1. d4 d5 2. c4 e6 3. Nc3 Nf6 4. Bg5 c6 5. Nf3 Nbd7 6. cxd5 exd5 7. e3 Qa5 8.
Nd2 Bb4 9. Qc2 O-O 10. Bd3 Re8 11. O-O Ne4 12. Nb3 Qc7 13. Nxd5 Qd6 14. Bxe4
Rxe4 15. Qxe4 Qxd5 16. Qe8+ Nf8 17. Bf4 f6 18. e4 Qb5 19. a3 Qd3 20. Nc1 Qxd4
21. axb4 Qxb4 22. Nd3 Qd4 23. Rfd1 Bg4 24. Qxa8 Bxd1 25. Rxd1 1-0

[Event "IX Festival A"]
[Site "Trieste ITA"]
[Date "2007.09.05"]
[Round "6"]
[White "Baklan, Vladimir"]
[Black "Borisek, Jure"]
[Result "1/2-1/2"]
[WhiteElo "2648"]
[BlackElo "2506"]
[PlyCount "39"]
[EventDate "2007.09.01"]

1. e4 e5 2. Nf3 Nc6 3. Bb5 a6 4. Ba4 Nf6 5. O-O b5 6. Bb3 Bc5 7. a4 Rb8 8. axb5
axb5 9. d3 d6 10. Be3 O-O 11. Bxc5 dxc5 12. Nbd2 Qd6 13. Qe2 Nh5 14. g3 Bg4 15.
Qe3 h6 16. Kh1 Nd4 17. Nxd4 cxd4 18. Qe1 Bh3 19. Rg1 Be6 20. Qe2 1/2-1/2

[Event "IX Festival A"]
[Site "Trieste ITA"]
[Date "2007.09.05"]
[Round "6"]
[White "Barletta, Mauro"]
[Black "Tonon, Alessandro"]
[Result "1-0"]
[WhiteElo "2257"]
[BlackElo "2186"]
[PlyCount "141"]
[EventDate "2007.09.01"]

1. c4 e5 2. g3 Nf6 3. Bg2 d5 4. cxd5 Nxd5 5. Nc3 Nb6 6. Nf3 Nc6 7. O-O Be7 8.
a3 a5 9. d3 O-O 10. Be3 Be6 11. Rc1 f6 12. Ne4 Nd5 13. Bc5 Bd6 14. d4 Re8 15.
Bxd6 cxd6 16. dxe5 dxe5 17. Nc5 Bc8 18. Ng5 Nce7 19. Nge6 Qd6 20. Nxg7 Kxg7 21.
e4 b6 22. Na4 Bb7 23. exd5 Rad8 24. Nc3 Nxd5 25. Qg4+ Kh8 26. Rfd1 e4 27. Bxe4
Rxe4 28. Qxe4 f5 29. Qd4+ Kg8 30. Nxd5 Bxd5 31. Qxd5+ Qxd5 32. Rxd5 Rxd5 33.
Rc2 Rb5 34. Kf1 Kg7 35. Ke2 Rb3 36. Kd2 Kg6 37. Kc1 Kg5 38. h3 f4 39. Rc3 Rb5
40. Kc2 Re5 41. Rf3 fxg3 42. fxg3 h5 43. Kc3 Rc5+ 44. Kd4 a4 45. b3 axb3 46.
Rxb3 Ra5 47. Ke4 Rc5 48. Kf3 Ra5 49. Ke4 Rc5 50. Kd4 Ra5 51. Kc4 Rc5+ 52. Kb4
Kf5 53. Re3 Rd5 54. a4 Kf6 55. Rc3 Ke7 56. Rc6 Rg5 57. Rxb6 Rxg3 58. a5 Kd7 59.
a6 Rg1 60. Rh6 Ra1 61. a7 Kc8 62. Rh7 h4 63. Kc5 Ra2 64. Kc6 Rc2+ 65. Kd6 Rd2+
66. Ke5 Ra2 67. Kf5 Ra6 68. Kg5 Ra4 69. a8=Q+ Rxa8 70. Rh8+ Kb7 71. Rxa8 1-0

[Event "IX Festival A"]
[Site "Trieste ITA"]
[Date "2007.09.05"]
[Round "6"]
[White "Bosiocic, Marin"]
[Black "Mazi, Leon"]
[Result "1-0"]
[WhiteElo "2496"]
[BlackElo "2352"]
[PlyCount "67"]
[EventDate "2007.09.01"]

1. e4 c5 2. Nf3 d6 3. c3 Nf6 4. h3 g6 5. Bd3 Bg7 6. O-O O-O 7. Bc2 a6 8. d4 Qc7
9. Qe2 Nc6 10. dxc5 dxc5 11. e5 Ne8 12. Bf4 Qb6 13. Na3 Nc7 14. Nc4 Qa7 15. a4
Ne6 16. Bh2 b6 17. Nh4 Ned8 18. f4 e6 19. g4 a5 20. f5 exf5 21. gxf5 Ba6 22. f6
Bh6 23. Nf5 gxf5 24. Bf4 Ne6 25. Bxh6 Kh8 26. Bxf8 Rxf8 27. Rxf5 Rg8+ 28. Kh2
Qc7 29. Rh5 Rg6 30. Rxh7+ Kxh7 31. Qh5+ Kg8 32. Bxg6 fxg6 33. Qxg6+ Kf8 34. Rg1
1-0

[Event "IX Festival A"]
[Site "Trieste ITA"]
[Date "2007.09.05"]
[Round "6"]
[White "Bussa, Paolo"]
[Black "Aroven, Mikael"]
[Result "0-1"]
[WhiteElo "1891"]
[BlackElo "2169"]
[PlyCount "96"]
[EventDate "2007.09.01"]

1. d4 Nf6 2. Nf3 e6 3. Bg5 h6 4. Bh4 c5 5. e3 b6 6. c3 cxd4 7. exd4 Bb7 8. Bd3
Be7 9. Nbd2 O-O 10. Qe2 Nc6 11. O-O d6 12. Bxf6 Bxf6 13. Ne4 Be7 14. Rad1 Re8
15. Rfe1 Bf8 16. Ba6 Bxa6 17. Qxa6 d5 18. Ned2 Bd6 19. Ne5 Bxe5 20. dxe5 Qc7
21. f4 Na5 22. Qe2 Rac8 23. Nf3 Qc4 24. Qxc4 Nxc4 25. Re2 a5 26. Nd4 a4 27. b3
axb3 28. axb3 Na5 29. Nb5 Re7 30. b4 Nc4 31. Ra1 g5 32. g3 Kg7 33. Rea2 Kg6 34.
Ra7 Rxa7 35. Rxa7 gxf4 36. gxf4 f6 37. Nd6 Nxd6 38. exd6 Rd8 39. d7 Kf5 40. Rb7
b5 41. Rxb5 Rxd7 42. Rb6 Rc7 43. b5 Rxc3 44. Rc6 Rb3 45. b6 Rb2 46. Rd6 h5 47.
h4 Rb4 48. Kg2 Rxf4 0-1

[Event "IX Festival A"]
[Site "Trieste ITA"]
[Date "2007.09.05"]
[Round "6"]
[White "Drazic, Sinisa"]
[Black "Stock, Lara"]
[Result "0-1"]
[WhiteElo "2480"]
[BlackElo "2297"]
[PlyCount "76"]
[EventDate "2007.09.01"]

1. d4 d5 2. c4 e6 3. Nc3 Nf6 4. Bg5 Nbd7 5. e3 Be7 6. cxd5 exd5 7. Bd3 c6 8.
Qc2 h6 9. Bh4 O-O 10. Nge2 Re8 11. f3 Qc7 12. O-O-O Bf8 13. Bf2 Nb6 14. Kb1 Bb4
15. h3 Nc4 16. e4 a5 17. g4 b5 18. e5 Nd7 19. f4 a4 20. g5 hxg5 21. Rhg1 Bxc3
22. Nxc3 gxf4 23. Ne2 b4 24. Bxc4 dxc4 25. Nxf4 b3 26. Rxg7+ Kxg7 27. Rg1+ Kf8
28. Qh7 Nxe5 29. Bh4 Bf5+ 30. Qxf5 bxa2+ 31. Ka1 a3 32. bxa3 Qb6 33. Rd1 Qb3
34. Rc1 Qxa3 35. Qc2 Rab8 36. Ne6+ Rxe6 37. dxe5 Rxe5 38. Qd2 Rb1+ 0-1

[Event "IX Festival A"]
[Site "Trieste ITA"]
[Date "2007.09.05"]
[Round "6"]
[White "Elias, Leonardo"]
[Black "Tocchioni, Doriano"]
[Result "1-0"]
[WhiteElo "2122"]
[BlackElo "2261"]
[PlyCount "103"]
[EventDate "2007.09.01"]

1. e4 c6 2. d4 d5 3. exd5 cxd5 4. Bd3 Nf6 5. c3 Bg4 6. Qa4+ Nbd7 7. Bf4 Qb6 8.
Qb3 Nh5 9. Bg3 Qh6 10. Ne2 Nxg3 11. fxg3 Qe3 12. Qc2 e5 13. Qd2 exd4 14. cxd4
Qxd2+ 15. Kxd2 O-O-O 16. Nbc3 Nf6 17. h3 Bd7 18. Rhf1 Kb8 19. g4 h6 20. Nf4 Bc6
21. Nh5 Ne4+ 22. Bxe4 dxe4 23. Ke3 Be7 24. Rad1 Bg5+ 25. Ke2 g6 26. Nf6 b6 27.
Nfxe4 Rhe8 28. Kd3 Rxe4 29. Nxe4 Bb5+ 30. Kc2 Bxf1 31. Rxf1 Be3 32. Rxf7 Bxd4
33. b3 Be5 34. Re7 Bf4 35. Re6 Rg8 36. Kd3 Rg7 37. Nf6 Kc8 38. Nd5 Bg5 39. Ke4
Kd7 40. Ke5 Bc1 41. Rd6+ Ke8 42. Ke6 Bg5 43. Nf6+ Bxf6 44. Kxf6 Rf7+ 45. Kxg6
Rf2 46. Kxh6 Rxg2 47. g5 Rxa2 48. g6 Rh2 49. Rd3 Rg2 50. g7 Kf7 51. Rf3+ Ke7
52. Kh7 1-0

[Event "IX Festival A"]
[Site "Trieste ITA"]
[Date "2007.09.05"]
[Round "6"]
[White "Hilmer, Frank"]
[Black "Schlosser, Philipp"]
[Result "1/2-1/2"]
[WhiteElo "2221"]
[BlackElo "2562"]
[PlyCount "82"]
[EventDate "2007.09.01"]

1. d4 Nf6 2. c4 e6 3. Nc3 Bb4 4. Qc2 c5 5. dxc5 a6 6. Nf3 Qc7 7. a3 Bxc5 8. Bg5
Be7 9. e3 d6 10. Be2 Nbd7 11. O-O b6 12. Rfd1 Bb7 13. Rd2 h6 14. Bh4 O-O 15. b4
Rac8 16. Rc1 Qb8 17. Qd1 Rc6 18. h3 Rfc8 19. Bg3 Bf8 20. Nd4 R6c7 21. Nb3 e5
22. Rdc2 Qa8 23. Bf1 Ne4 24. Nxe4 Bxe4 25. Rd2 Bf5 26. Be2 Nf6 27. Rxd6 Bxd6
28. Qxd6 Ne4 29. Qxe5 Nxg3 30. Qxg3 Qe4 31. Nd4 Bd7 32. Qd6 Qg6 33. Qxg6 fxg6
34. Bf3 Be8 35. Bg4 Bd7 36. Bf3 Kf8 37. Bd5 Ke7 38. e4 g5 39. f3 Kd6 40. Kf2
Ke5 41. Ke3 a5 1/2-1/2

[Event "IX Festival A"]
[Site "Trieste ITA"]
[Date "2007.09.05"]
[Round "6"]
[White "Marzano, Carlo"]
[Black "Capaliku, Aleks"]
[Result "1-0"]
[WhiteElo "2230"]
[BlackElo "2112"]
[PlyCount "85"]
[EventDate "2007.09.01"]

1. Nc3 f5 2. e4 fxe4 3. d3 Nf6 4. g4 d6 5. g5 Bg4 6. Be2 Bxe2 7. Qxe2 Nfd7 8.
Qxe4 Nc5 9. Qg2 Nc6 10. Be3 Ne6 11. Nge2 g6 12. O-O-O Qd7 13. d4 Ng7 14. d5 Ne5
15. Bd4 Nf5 16. f4 Nxd4 17. Nxd4 Nf7 18. Nce2 Nd8 19. h4 c5 20. Ne6 Nxe6 21.
dxe6 Qc6 22. Qxc6+ bxc6 23. h5 Rg8 24. h6 d5 25. Ng1 Kd8 26. Nf3 Kc7 27. Rhe1
Kd6 28. c4 d4 29. Re5 Bxh6 30. gxh6 Raf8 31. Re4 Rf5 32. Ng5 Rb8 33. Nxh7 Rh5
34. Ng5 a5 35. h7 Kc7 36. b3 a4 37. Kc2 axb3+ 38. axb3 Ra8 39. Re2 Rh4 40. Rf1
Kb6 41. Rf3 Rh1 42. Kd3 Ra3 43. Ke4 1-0

[Event "IX Festival A"]
[Site "Trieste ITA"]
[Date "2007.09.05"]
[Round "6"]
[White "Miele, Roberto"]
[Black "Panican, Gheorghe"]
[Result "0-1"]
[WhiteElo "1900"]
[BlackElo "2106"]
[PlyCount "142"]
[EventDate "2007.09.01"]

1. e4 e5 2. Nf3 Nc6 3. d4 exd4 4. Bc4 Bb4+ 5. c3 dxc3 6. bxc3 Ba5 7. Ng5 Nh6 8.
Qh5 Qe7 9. O-O d6 10. h3 O-O 11. Nf3 Qxe4 12. Bxh6 gxh6 13. Qxh6 Qg6 14. Qh4
Be6 15. Bb3 Rae8 16. Ng5 Bxb3 17. axb3 h6 18. Nf3 Re4 19. Qg3 Qxg3 20. fxg3 Re3
21. b4 Bb6 22. Kh2 Rfe8 23. Ra4 Ne5 24. Nh4 Re2 25. b5 Re6 26. Raf4 Bc5 27. Nf5
Rb2 28. Nd4 Rg6 29. c4 Bxd4 30. Rxd4 Rc2 31. Nd2 Ra2 32. Ne4 Ra4 33. Nf6+ Kf8
34. Ng4 Nxg4+ 35. hxg4 f6 36. Rdf4 Kf7 37. Kg1 a5 38. bxa6 Rxa6 39. Rd1 Rc6 40.
Rb1 b6 41. Ra1 Rc5 42. Ra7 Rgg5 43. Rd4 Rg8 44. Rxd6 Rxc4 45. Rxb6 Rd8 46. Rbb7
Rd7 47. Kh2 Kg6 48. Rb8 Rc1 49. Raa8 c5 50. Rg8+ Kf7 51. Rgf8+ Kg6 52. Rg8+ Rg7
53. Rgc8 Rb7 54. Rg8+ Kf7 55. Rgf8+ Ke7 56. Rae8+ Kd7 57. Rf7+ Kxe8 58. Rxb7 c4
59. Rc7 Kd8 60. Rc6 Ke7 61. g5 hxg5 62. g4 c3 63. Kg3 c2 64. Kf2 Kd7 65. Rc3
Kd6 66. Ke2 Rg1 67. Kd2 Rxg2+ 68. Kc1 Rxg4 69. Rxc2 Rd4 70. Re2 f5 71. Re8 g4
0-1

[Event "IX Festival A"]
[Site "Trieste ITA"]
[Date "2007.09.05"]
[Round "6"]
[White "Pasquotto, Mirko"]
[Black "Milazzo, Mario"]
[Result "0-1"]
[WhiteElo "1960"]
[BlackElo "1971"]
[PlyCount "60"]
[EventDate "2007.09.01"]

1. e4 e5 2. Nf3 Nc6 3. Bb5 a6 4. Ba4 Nf6 5. O-O Be7 6. Re1 b5 7. Bb3 O-O 8. c3
d5 9. exd5 Nxd5 10. Nxe5 Nxe5 11. Rxe5 c6 12. d4 Bd6 13. Re1 Qh4 14. g3 Qh3 15.
Qd3 Bf5 16. Qf1 Qh5 17. Be3 Bh3 18. Qe2 Bg4 19. Qf1 Rae8 20. Nd2 Kh8 21. Bxd5
cxd5 22. a4 bxa4 23. Rxa4 f5 24. f4 g5 25. fxg5 f4 26. Bxf4 Bh3 27. Qf2 Rxe1+
28. Qxe1 Bxf4 29. Ra1 Bxd2 30. Qxd2 Qf3 0-1